000 00383nam a2200157Ia 4500
008 160316s1995 xxu||||| |||| 00| 0 eng d
082 _a340.110000
_bFUL
100 _aFuller Lon L
245 _aThe morality of law
250 _a
260 _aDelhi
_bUniversal Book Traders
_c1995
300 _a262
_b
_c
365 _b
650 _a1.Law - Jurisprudence - Morality
700 _a
_a
999 _c9109
_d9109